000
00155nam a22000857a 4500
082
_a
823
100
_a
MOHAUBHAI S P
245
_a
GRANDPAS STORIES
942
_c
BK
999
_c
8304
_d
8304